Материалы IX Международного симпозиума НП "Содружество учёных агрохимиков и агроэкологов" "Состояние и динамика плодородия почв в связи с продуктивностью земледелия" (Запись № 10952951)
[ простой вид ]
| 000 -МАРКЕР | |
|---|---|
| контрольное поле | 01924nam0a2200325 i 4500 |
| 001 - ИДЕНТИФИКАТОР ЗАПИСИ | |
| контрольное поле | RU\NLR\BIBL_A\011614879 |
| 005 - ИДЕНТИФИКАТОР ВЕРСИИ | |
| контрольное поле | 20240921193517.0 |
| 010 ## - МЕЖДУНАРОДНЫЙ СТАНДАРТНЫЙ НОМЕР КНИГИ (ISBN) | |
| Номер (ISBN) | 9785923802412 |
| Тираж | 500 |
| 021 ## - НОМЕР ГОСУДАРСТВЕННОЙ РЕГИСТРАЦИИ | |
| Код страны | Российская Федерация |
| Номер | 2017-101251 |
| Номер Листа государственной регистраци | 7301 |
| 035 ## - ДРУГИЕ СИСТЕМНЫЕ НОМЕРА | |
| Идентификатор записи | (RuMoRGB)009504947 |
| 035 ## - ДРУГИЕ СИСТЕМНЫЕ НОМЕРА | |
| Идентификатор записи | (NLR Aleph) 011614879 |
| 100 ## - ДАННЫЕ ОБЩЕЙ ОБРАБОТКИ | |
| Данные общей обработки | 20180131d2017 km y0rusy50 ca |
| 101 0# - ЯЗЫК РЕСУРСА | |
| Язык текста, звукозаписи и т.д. | русский |
| 102 ## - СТРАНА ПУБЛИКАЦИИ ИЛИ ПРОИЗВОДСТВА | |
| Страна публикации | Российская Федерация |
| 105 ## - ПОЛЕ КОДИРОВАННЫХ ДАННЫХ: ТЕКСТОВЫЕ МАТЕРИАЛЫ, МОНОГРАФИЧЕСКИЕ | |
| Кодированные данные о монографическом текстовом документе | a|||z|||100zy |
| 200 1# - ЗАГЛАВИЕ И СВЕДЕНИЯ ОБ ОТВЕТСТВЕННОСТИ | |
| Основное заглавие | Материалы IX Международного симпозиума НП "Содружество учёных агрохимиков и агроэкологов" "Состояние и динамика плодородия почв в связи с продуктивностью земледелия" |
| Первые сведения об ответственности | НА "Агрохимэкосодружество" [и др. |
| Последующие сведения об ответственности | составители: к.с.-х.н. А. В. Козлова, д.с.-х.н. А. Х. Яппаров] |
| 210 ## - ПУБЛИКАЦИЯ, РАСПРОСТРАНЕНИЕ И ДР. | |
| Место издания, распространения и т.д. | Москва |
| Имя издателя, распространителя и т. д. | ВНИИА |
| Дата издания, распространения и т.д. | 2017 |
| 215 ## - ФИЗИЧЕСКАЯ ХАРАКТЕРИСТИКА | |
| Специфическое обозначение материала и объем | 136 с. |
| Другие сведения о физической характеристике | ил., табл. |
| Размеры | 21 |
| 320 ## - ПРИМЕЧАНИЯ О НАЛИЧИИ В ДОКУМЕНТЕ БИБЛИОГРАФИИ / УКАЗАТЕЛЯ | |
| Текст примечания | Библиогр. в конце ст. |
| 606 1# - НАИМЕНОВАНИЕ ТЕМЫ КАК ПРЕДМЕТ | |
| Наименование темы | Почвы |
| Формальный подзаголовок | Съезды, совещания и т.п |
| Тематический подзаголовок | Плодородие |
| -- | Агрохимические показатели |
| Системный номер авторитетной/нормативной записи | 2489599 |
| Идентификатор авторитетной/нормативной записи | RU\NLR\AUTH\661477319 |
| 686 ## - ИНДЕКСЫ ДРУГИХ КЛАССИФИКАЦИЙ | |
| Индекс | П032.6я431(0) |
| Код системы | |
| 686 1# - ИНДЕКСЫ ДРУГИХ КЛАССИФИКАЦИЙ | |
| Индекс | П032.6я431(0) |
| 702 #1 - ИМЯ ЛИЦА - ВТОРИЧНАЯ ОТВЕТСТВЕННОСТЬ | |
| Код отношения | Составитель |
| Начальный элемент ввода | Козлова |
| Часть имени, кроме начального элемента ввода | А. В. |
| Дополнения к именам, кроме дат | канд. с.-х. наук |
| Расширение инициалов личного имени | Алевтина Валерьевна |
| Системный номер авторитетной/нормативной записи | 164963 |
| Идентификатор авторитетной/нормативной записи | RU\NLR\AUTH\770165007 |
| 710 02 - НАИМЕНОВАНИЕ ОРГАНИЗАЦИИ - ПЕРВИЧНАЯ ОТВЕТСТВЕННОСТЬ | |
| Начальный элемент ввода | Содружество ученых агрохимиков и агроэкологов |
| Структурное подразделение | Международный симпозиум "Состояние и динамика плодородия почв в связи с продуктивностью земледелия" |
| Идентифицирующий признак | Москва |
| Порядковый номер временной организации и / или порядковый номер ее части | 9 |
| Место проведения временной организации | Казань |
| Дата проведения временной организации | 2015 |
| Системный номер авторитетной/нормативной записи | 588445 |
| Идентификатор авторитетной/нормативной записи | RU\NLR\AUTH\880462890 |
| 942 ## - ДОПОЛНИТЕЛЬНЫЕ ЭЛЕМЕНТЫ ЗАПИСИ (АБИС) | |
| Тип экземпляра АБИС | Книга |
| 980 ## - КОЛЛЕКЦИЯ | |
| Название коллекции | НБР |
Нет доступных экземпляров.